LEADER 00828nam0-2200301li-450 001 990000157540203316 005 20180312154749.0 035 $a0015754 035 $aUSA010015754 035 $a(ALEPH)000015754USA01 035 $a0015754 100 $a20001109d19------km-y0itay0103----ba 101 0 $aeng 102 $aUS 200 1 $aIntegrated optics 300 $acatalogazione provvisoria per gestione prestito 676 $a621.369 3 801 $aSistema bibliotecario di Ateneo dell' Università di Salerno$gRICA 912 $a990000157540203316 951 $a621.369 3 MAR$b0007128 959 $aBK 969 $aTEC 979 $c19970129 979 $c20001110$lUSA01$h1712 979 $c20020403$lUSA01$h1623 979 $aPATRY$b90$c20040406$lUSA01$h1611 996 $aIntegrated optics$91422238 997 $aUNISA LEADER 01740oam 2200457Ia 450 001 9910696760603321 005 20080711081312.0 035 $a(CKB)5470000002381265 035 $a(OCoLC)212776902 035 $a(EXLCZ)995470000002381265 100 $a20080304d2008 ua 0 101 0 $aeng 135 $aurmn||||||||| 181 $ctxt$2rdacontent 182 $cc$2rdamedia 183 $acr$2rdacarrier 200 00$aPost-wildfire hydrologic hazards in the wildland urban interface of Colorado and the western United States$b[electronic resource] /$f[by M.R. Stevens ... and others] 210 1$a[Reston, Va.] :$cU.S. Dept. of the Interior, U.S. Geological Survey,$d[2008] 215 $a6 unnumbered pages $cdigital, PDF file 225 1 $aFact sheet ;$v2007-3036 300 $aTitle from title screen (viewed on July 10, 2008). 300 $a"February 2008." 320 $aIncludes bibliographical references (page [6]). 606 $aWildfires$xEnvironmental aspects$zColorado 606 $aHazardous geographic environments$zColorado 606 $aWildfires$xEnvironmental aspects$zWest (U.S.) 606 $aHazardous geographic environments$zWest (U.S.) 615 0$aWildfires$xEnvironmental aspects 615 0$aHazardous geographic environments 615 0$aWildfires$xEnvironmental aspects 615 0$aHazardous geographic environments 701 $aStevens$b Michael R$01385401 712 02$aGeological Survey (U.S.) 801 0$bEJB 801 1$bEJB 801 2$bEJB 801 2$bGPO 906 $aBOOK 912 $a9910696760603321 996 $aPost-wildfire hydrologic hazards in the wildland urban interface of Colorado and the western United States$93535715 997 $aUNINA